000 00354nam a2200133Ia 4500
008 240624s9999 xx 000 0 und d
041 _aeng
082 _a658.05 LAU
100 _aLAU LINDA
245 _aMANAGING BUSINESS WITH SAP PLANNING IMPL
260 _c2005
_aLondon
_bIdea Group Publishing
300 _axii, : 330 : p. : cm. ; 25
365 _c
_b30
999 _c16401
_d16401